000 00417nam a22001817a 4500
003 MPLRDC
005 20220104151554.0
008 210129b ||||| |||| 00| 0 eng d
082 _a427.1 TL
100 _a唐龙编著
245 _a不老强精食
_c
250 _a初版
260 _a
_b大展出版社
_c1982
300 _b
490 _a健康与美容. 10
650 _a食谱
942 _cBK
_o427.1 TL
999 _c52442
_d52432